Biblioteka Instytutu Północnego w Olsztynie

Widok standardowy Widok MARC

Pozycja Topical Term

Liczba rekordów, w których użyto hasła: 2

001 - Numer kontrolny

  • control field: 3182

003 - Identyfikator numeru kontrolnego

  • control field: OLSZT 008

005 - Data i czas ostatniej modyfikacji

  • control field: 20220926220014.0

008 - Dane kontrolne kodowane (40 znaków)

  • fixed length control field: 960220i||a| nnbabn |a ana |c

010 ## - Numer kontrolny Biblioteki Kongresu

  • numer kontrolny LC: s 96010322

039 #9 -

  • : 201610180007
  • : VLOAD
  • : 201610171051
  • : par
  • : 201610140006
  • : VLOAD
  • : 201610131059
  • : pir
  • : 200205311800
  • : load

040 ## - Instytucja sporządzająca rekord

  • inst. przygot. dane do rek. khw: *KR U/ACh
  • inst. wprow. rek. khw: WA U/EP

083 #4 - DEWEY DECIMAL CLASSIFICATION NUMBER

  • pojed. symbol lub pocz. z zakr. symboli: 200
  • określenie wyjaśniające: Religia

150 ## - Hasło - nazwa pospolita

  • nazwa posp. lub nazwa geogr. na pocz.: Kontrreformacja.

472 ## -

  • : Contre-Réforme [f]

472 ## -

  • : Counter-Reformation [c]

511 2# - Trop zob. też - nazwa imprezy

  • podpole kontrolne: h
  • nazwa impr. lub nazwa geogr. na pocz.: Sobór Trydencki
  • data imprezy: (1545-1563).

550 ## - Trop zob. też - nazwa pospolita

  • podpole kontrolne: g
  • nazwa posp. lub nazwa geogr. na pocz.: Kościół
  • określnik chronologiczny: 1500-1800.

550 ## - Trop zob. też - nazwa pospolita

  • podpole kontrolne: g
  • nazwa posp. lub nazwa geogr. na pocz.: Odnowa Kościoła.

550 ## - Trop zob. też - nazwa pospolita

  • nazwa posp. lub nazwa geogr. na pocz.: Kościół katolicki
  • określnik chronologiczny: 16 w.

550 ## - Trop zob. też - nazwa pospolita

  • nazwa posp. lub nazwa geogr. na pocz.: Reformacja.

550 ## - Trop zob. też - nazwa pospolita

  • podpole kontrolne: h
  • nazwa posp. lub nazwa geogr. na pocz.: Wojna trzydziestoletnia (1618-1648).

670 ## - Źródło informacji

  • źródło informacji: RAMEAU

999 ## -

  • : VIRTUA10 y

999 ## -

  • : VTLSSORT0010*0080*0100*0390*0400*0830*1500*4720*4721*5110*5500*5501*5502*5503*5504*6700*9992
Biblioteka Instytutu Północnego, ul. Partyzantów 87, 10-402 Olsztyn, email: biblioteka(at)ip.olsztyn.pl